| 000 | 00474nam a2200181Ia 4500 | ||
|---|---|---|---|
| 005 | 20250508150828.0 | ||
| 008 | 008 250505s9999 xx 000 0 eng d | ||
| 037 | _aTextual | ||
| 040 |
_aFEDL _beng _cFEDL |
||
| 041 |
_aeng _2eng |
||
| 084 |
_a371, SEL _qFEDL |
||
| 100 |
_aSelincourt Aubrex De _9757758 |
||
| 245 | 0 | _aSchool master | |
| 260 |
_aLondon, UK _bJohn Lehmann _c1951 |
||
| 300 | _a167p | ||
| 942 |
_cTEXL _h371, SEL |
||
| 999 |
_c1325924 _d1325924 |
||